000 00740nam a2200265Ia 4500
003 OSt
005 20220925222241.0
006 a|||||r|||| 00| 0
007 ta
008 220923b |||||||| |||| 00| 0 eng d
020 _a0853745358
037 _cGeneral Book
040 _aRTL
_cRTL
_beng
041 _2eng
_aeng
082 _aY6:4:67.3.N9, N1
100 _aDalley Gillian Ed.
_9287441
245 0 _aDisability and social policy
260 _aLondon
_bP S I
_c1991
300 _a249p
_ccm.
490 _aPolicy Studies Institute, Publication
500 _aBibliography Chapterwise
650 _aUntouchables
942 _hY6:4:67.3.N9, N1
_cGB
_2CC
999 _c576555
_d576555